Countries With The Most Bird Species - Statistics

General Stats
  • This quiz has been taken 32,373 times
    32,256 since last reset
  • The average score is 16 of 20
Answer Stats
Species Answer % Correct
1864 Brazil
99%
1036 United States
97%
1330 China
95%
1917 Colombia
92%
1137 Mexico
92%
1271 India
91%
1041 Argentina
90%
1892 Peru
90%
1791 Indonesia
88%
1420 Venezuela
87%
1155 D. R. Congo
83%
1446 Bolivia
81%
1684 Ecuador
81%
987 Thailand
73%
1127 Kenya
69%
1103 Tanzania
67%
981 Panama
65%
1090 Myanmar
56%
956 Angola
52%
1036 Uganda
51%
No matching quizzes found
Score Distribution
Percent of People with Each Score
Percentile by Number Answered
Your Score History
You have not taken this quiz since the last reset